The living world
| Main Author: | |
|---|---|
| Format: | Book |
| Published: |
London :
Tiger Books International ,
1992
|
| Subjects: |
MARC
| LEADER | 00000cam a2200000 7i4500 | ||
|---|---|---|---|
| 001 | 0000001114 | ||
| 002 | 000001230 | ||
| 005 | 20000330.0 | ||
| 020 | |a 1855012421 | ||
| 090 | 0 | 0 | |a 591.51 |b FAR |
| 100 | 1 | |a Farino, Teresa | |
| 245 | 1 | 4 | |a The living world |c Teresa Farino |
| 260 | |a London : |b Tiger Books International , |c 1992 | ||
| 300 | |a 304p : |b ill ; |c 33cm. | ||
| 650 | 0 | 0 | |a Animals |x Habits and behavior |
| 650 | 0 | 0 | |a Nature study |
| 999 | |a 030334 |b BUKU |c RUJUKAN |e PERPUSTAKAAN KOMUNITI PETALING JAYA | ||